banner-ar

THE CALLECIVE SILENCE: GERMAN IDENTITY AND THE LEGACY OF SHAME / (Record no. 21559)

MARC details
000 -الفاتح
حقل البيانات ثابتة الطول 00659nam a2200205Ia 4500
008 - عناصر البيانات ثابتة الطول - معلومات عامة
حقل البيانات ثابتة الطول 140319s9999 xx 000 0 eng d
040 ## - مصدر الفهرسة
وكالة الفهرسة الأصلية GCL /
وكالة النسخ GCL
082 04 - رقم تصنيف ديوى العشرى
رقم التصنيف 155.8943
رقم المادة H T
100 1# - المدخل الرئيسى - إسم شخصى
الإسم الشخصى HEIMANNSBERY,BARBRA SCHMIDT,CHRISTOPH J
245 10 - بيان العنوان
العنوان THE CALLECIVE SILENCE: GERMAN IDENTITY AND THE LEGACY OF SHAME /
بيان المسئوليه,etc HEIMANNSBERY,BARBRA SCHMIDT,CHRISTOPH J
700 1# - المدخل الاضافى - اسم شخصى
الإسم الشخصى HARRIS,CYNTHIAAUDEJANS(TRAN)WHEELER,GORD
260 ## - PUBLICATION, DISTRIBUTION, ETC. (IMPRINT)
تاريخ النشر أو التوزيع 1993
300 ## - الوصف المادى
التعداد 254
650 04 - المدخل الاضافى بالموضوع-مصطلح موضوعى
مصطلح موضوعي GERMANY
650 04 - المدخل الاضافى بالموضوع-مصطلح موضوعى
مصطلح موضوعي HISTORY
650 04 - المدخل الاضافى بالموضوع-مصطلح موضوعى
مصطلح موضوعي NATIONL SOCIALISM PSYCHOLOGICAL
650 04 - المدخل الاضافى بالموضوع-مصطلح موضوعى
مصطلح موضوعي البنوك-النقود
942 ## - عناصر المدخل الإضافي( كوها)
مصدر التصنيف او مخطط الترفيف Dewey Decimal Classification
Koha [default] item type كتاب
260 ## - PUBLICATION, DISTRIBUTION, ETC. (IMPRINT)
-- [S.N] :
-- JOSSEY-BASS PUBLISHERS ،
Holdings
حالة التراجع حالة الفقد حالة تلف ليس للاعارة المكان المؤقت الموقع الحالى تاريخ الاكتساب اجمالي اﻻعارات رقم الطلب الباركود تاريخ اخر مشاهدة تاريخ تفعيل السعر نوع وعاء كوها
        مكتبة القاهرة الكبرى مكتبة القاهرة الكبرى 03/26/2014   155.8943\H T 39732 03/26/2014 03/26/2014 كتاب

Powered By

EGPV